Statistics for Most Used Emojis

Click here to take the quiz!

General Stats

  • This quiz has been taken 24 times
  • The average score is 4 of 10

Answer Stats

#Emoji% Correct
3Loudly crying face
79%
2Red heart
79%
8Smiling face with smiling eyes
79%
1Face with tears of joy
47%
5Face blowing a kiss
37%
6Face with rolling eyes
32%
7Skull
16%
4Smiling face with heart-eyes
11%
10Thinking Face
5%
9Weary face
5%

Score Distribution

Percentile by Number Answered

Percent of People with Each Score

Your Score History

You have not taken this quiz